[Event "Treviso op-C 4th"]
[Site "Treviso"]
[Date "2023.04.02"]
[Round "5"]
[White "Gorza, Simone"]
[Black "Ionata, Lorenzo"]
[Result "1-0"]
[WhiteElo "999"]
[BlackElo "1038"]
[PlyCount "95"]
[EventDate "2023.03.31"]
[EventType "swiss"]
[EventRounds "5"]
[EventCountry "ITA"]
[SourceTitle "EXT 2024"]
[Source "ChessBase"]
[SourceDate "2023.10.10"]
[SourceVersion "1"]
[SourceVersionDate "2023.10.10"]
[SourceQuality "1"]

1. d4 d5 2. c4 e6 3. Nc3 Nf6 4. Bf4 c5 5. e3 Nc6 6. Nb5 Qa5+ 7. Qd2 Qxd2+ 8. Kxd2 Rb8 9. Bxb8 Ne4+ 10. Ke1 Nxb8 11. Nxa7 Bd7 12. cxd5 exd5 13. Bb5 Bd6 14. Bxd7+ Nxd7 15. f3 Nef6 16. Nb5 Bb8 17. Ne2 0-0 18. Kf2 c4 19. Ng3 g6 20. Nc3 Re8 21. Rac1 Re6 22. e4 Rb6 23. Rb1 dxe4 24. fxe4 Ng4+ 25. Ke2 Rf6 26. Rhf1 Nxh2 27. Rxf6 Nxf6 28. e5 Nfg4 29. Rh1 f5 30. Nd1 f4 31. Nf1 Nxf1 32. Kxf1 Ne3+ 33. Nxe3 fxe3 34. Ke2 b5 35. Ra1 Ba7 36. Kxe3 Kf7 37. a4 Ke6 38. Ke4 h5 39. axb5 Bb6 40. Ra6 g5 41. Rxb6+ Kd7 42. Rg6 g4 43. b6 Kc8 44. e6 Kb7 45. e7 Ka6 46. e8Q Ka5 47. Rg5+ Kb4 48. Qb5# 1-0

[Event "Treviso op-C 4th"]
[Site "Treviso"]
[Date "2023.04.01"]
[Round "3"]
[White "Dotto, Denis"]
[Black "Ionata, Lorenzo"]
[Result "1-0"]
[WhiteElo "999"]
[BlackElo "1038"]
[PlyCount "85"]
[EventDate "2023.03.31"]
[EventType "swiss"]
[EventRounds "5"]
[EventCountry "ITA"]
[SourceTitle "EXT 2024"]
[Source "ChessBase"]
[SourceDate "2023.10.10"]
[SourceVersion "1"]
[SourceVersionDate "2023.10.10"]
[SourceQuality "1"]

1. b3 d5 2. Bb2 Nc6 3. e3 e5 4. Ne2 Bc5 5. g3 Bg4 6. Bg2 Nf6 7. d3 0-0 8. Nd2 d4 9. e4 Bb4 10. a3 Bc3 11. Bxc3 dxc3 12. Nf3 Nxe4 13. dxe4 Qf6 14. Qd3 Rad8 15. Qxc3 Rd6 16. 0-0 Rfd8 17. h3 Bxf3 18. Bxf3 R8d7 19. Bh5 Qh6 20. Bg4 Rd8 21. Kg2 Qg6 22. Bf5 Qh5 23. Bg4 Qh6 24. b4 a6 25. a4 b5 26. axb5 axb5 27. Ra6 Qf6 28. Rfa1 Rb8 29. Ra8 Rxa8 30. Rxa8+ Rd8 31. Rxd8+ Nxd8 32. Qxc7 g5 33. Nc3 h6 34. Nd5 Qg7 35. Ne7+ Kh8 36. Qxd8+ Kh7 37. Bf5+ Qg6 38. Bxg6+ Kg7 39. Bh5 Kf6 40. Qd6+ Kg7 41. Nf5+ Kh7 42. Qxh6+ Kg8 43. Qg7# 1-0